LEADER 00937nam0 22002531i 450 001 UON00258352 005 20231205103701.980 100 $a20041029d1978 |0itac50 ba 101 $apor 102 $aBR 105 $a|||| ||||| 200 1 $aInhumas$enossa Cidade$fMiguel Jorge.- Goiana$eLuis Scartezini, 1978 210 $a36 p.$a21 cm. 316 $adono Ocampo$5IT-UONSI BrasI/211 620 $aBR$dGoiânia$3UONL003515 676 $a869.899201$cPoesia brasiliana in portoghese$v21 700 1$aJORGE$bMiguel$3UONV151183$0689429 712 $aScartezini Luis$3UONV270458$4650 801 $aIT$bSOL$c20240220$gRICA 899 $aSIBA - SISTEMA BIBLIOTECARIO DI ATENEO$2UONSI 912 $aUON00258352 950 $aSIBA - SISTEMA BIBLIOTECARIO DI ATENEO$dSI Bras I 211 $eSI DA 194 7 211 dono Ocampo 996 $aInhumas$91237679 997 $aUNIOR LEADER 01388nam0 22002771i 450 001 UON00295349 005 20231205103939.831 100 $a20070518d1966 |0itac50 ba 101 $aeng 102 $aUS 105 $a|||| 1|||| 200 1 $aˆA ‰history of French dramatic literature in the Seventeenth century. Part 4: the period of Racine$e1673-1700$fby Henri Carrington Lancaster 210 $aNew York$cGordian press$d1966 215 $a2 v.$d24 cm. 606 $aLetteratura drammatica francese$xSec. 17.$xStoria e critica$3UONC064365$2FI 606 $aTEATRO FRANCESE$xSec. 17.$xStudi$3UONC064366$2FI 620 $aUS$dNew York$3UONL000050 676 $a842.4$cLetteratura drammatica francese. Periodo classico, 1600-1715$v21 700 1$aLANCASTER$bHenry Carrington$3UONV169984$0201944 712 $aGordian Press$3UONV266494$4650 801 $aIT$bSOL$c20251031$gRICA 912 $aUON00295349 950 $aSIBA - SISTEMA BIBLIOTECARIO DI ATENEO$dSI S.C I D 38 g $eSI LO 70459 7 38 g 950 $aSIBA - SISTEMA BIBLIOTECARIO DI ATENEO$dSI S.C I D 38 h $eSI LO 70460 7 38 h 996 $aHistory of French dramatic literature in the Seventeenth century. Part 4: the period of Racine$91851135 997 $aUNIOR